| 000 | 00484nam a2200169Ia 4500 | ||
|---|---|---|---|
| 008 | 220531s9999 xx 000 0 und d | ||
| 041 | _amar | ||
| 100 |
_aजशी आणि इतर _931433 |
||
| 245 | _aव्यावसायिक उद्योगजकता पेपर १ | ||
| 250 | _a1ST | ||
| 260 |
_bSuvichar _c1991 |
||
| 300 | _a63 | ||
| 542 | _d31-01-1992 | ||
| 650 |
_aBusiness enterprenuership _931434 |
||
| 906 |
_d1991-1992 _f2375 |
||
| 999 |
_c19687 _d19687 |
||